| 000 | 01152nam a2200301 4500 | ||
|---|---|---|---|
| 001 | 0000015071 | ||
| 003 | CO-CtgCURN | ||
| 005 | 20250329191008.0 | ||
| 007 | ta | ||
| 008 | 160627s1999 000 0 eng d | ||
| 020 | _a958954510 | ||
| 040 |
_aCO-CtgCURN _bspa _ccoctgcurn |
||
| 082 | 0 |
_a658.04 _bM17e |
|
| 100 | 1 | _aMarin Arango, Edwin. | |
| 245 | 1 | 0 |
_aEmpresas cooperativas : _bsolidarias y otras formas asociativas / _cEdwin Marin Arango. |
| 250 | _a2a ed. | ||
| 260 |
_aMedellin : _bCooperativas solidarias, _c1999. |
||
| 300 | _a319 p. | ||
| 336 | _2rdacontent | ||
| 337 |
_2rdamedia _asin mediacion _bn |
||
| 338 |
_2rdacarrier _avolumen _bnc |
||
| 500 | _aIncluye indice. | ||
| 505 | 8 | _aLey 79 1988.--Ley 454 1998.--Solidaridad.--Empresa cooperativa.--Cooperativismo en Colombia.--Economia solidaria.--Educación cooperativa.--Entes cooperativos y solidarios.--Cooperativos de ahorro y credito.--Entidades promotoras.--Integracion cooperativa | |
| 650 | 1 | 4 |
_aCooperativas _vLegislacion _zColombia. |
| 908 | _a160627 | ||
| 942 |
_cBK _h658.04 _iM17e _2ddc |
||
| 999 |
_c10576 _d10576 |
||